Loading...
| Religion | 0 | 8 | 1 | 3 | 75 | 73 | 107.88 | 0 | 4 | 9.49 | 27.57 |
| Philosophy | 0 | 7 | 1 | 1 | 65 | 44 | 90.29 | 1 | 5 | 13.59 | 26.80 |
| History - American | 0 | 5 | 0 | 1 | 50 | 49 | 116.00 | 1 | 1 | 4.20 | 8.14 |
| Literature - World | 0 | 4 | 0 | 1 | 40 | 100 | 120.25 | 0 | 1 | 3.73 | 15.31 |
| History - World | 0 | 5 | 2 | 3 | 40 | 118 | 136.80 | 0 | 0 | 0.69 | 5.97 |
| Social Science | 0 | 3 | 0 | 0 | 30 | 97 | 103.33 | 0 | 0 | 3.15 | 12.21 |
| History - European | 0 | 3 | 0 | 1 | 30 | 110 | 118.33 | 0 | 0 | 1.84 | 3.90 |
| Fine Arts - Painting & Sculpture | 0 | 3 | 1 | 0 | 25 | 99 | 113.00 | 0 | 0 | 2.90 | 11.54 |
| Fine Arts - Other | 0 | 2 | 0 | 1 | 20 | 124 | 131.00 | 0 | 0 | 0.52 | 3.08 |
| Science - Biology | 0 | 2 | 0 | 0 | 20 | 125 | 130.00 | 0 | 0 | 0.00 | 2.56 |
| Fine Arts - Classical Music | 0 | 1 | 0 | 0 | 10 | 141 | 141.00 | 0 | 0 | -0.04 | 0.25 |
| Current Events | 0 | 1 | 0 | 0 | 10 | 84 | 84.00 | 0 | 1 | 4.30 | 10.05 |
| Geography | 0 | 1 | 0 | 0 | 10 | 93 | 93.00 | 0 | 0 | 3.82 | 5.63 |
| Other Academic | 0 | 1 | 0 | 0 | 10 | 128 | 128.00 | 0 | 0 | 0.65 | 5.73 |
| Science - Other | 0 | 1 | 0 | 0 | 10 | 99 | 99.00 | 0 | 0 | 1.89 | 3.92 |
| Science - Physics | 0 | 1 | 0 | 0 | 10 | 93 | 93.00 | 0 | 0 | 1.67 | 5.15 |
| Mythology | 0 | 1 | 1 | 1 | 5 | 142 | 142.00 | 0 | 0 | 0.00 | 0.51 |
| History - Other | 0 | 1 | 1 | 1 | 5 | 126 | 126.00 | 0 | 0 | -0.09 | 0.59 |